Teaching : making sense of an uncertain craft (Record no. 35259)

MARC details
000 -LEADER
fixed length control field 00506nam a2200181Ia 4500
020 ## - INTERNATIONAL STANDARD BOOK NUMBER
ISBN 0807731684, 0807731676
050 ## - CALL MARK
Classification number LB 1025.3 .M35/
100 ## - STATEMENT OF RESPONSIBILITY--MAIN AUTHOR NAME
Personal name McDonald, Joseph P.
245 #0 - TITLE STATEMENT
Title Teaching : making sense of an uncertain craft
260 ## - PUBLICATION, DISTRIBUTION, ETC. (IMPRINT)
Place of publication New York
260 ## - PUBLICATION, DISTRIBUTION, ETC. (IMPRINT)
Name of publisher Teachers College Press
260 ## - PUBLICATION, DISTRIBUTION, ETC. (IMPRINT)
Year of publication c1992
300 ## - PHYSICAL DESCRIPTION
Number of Pages 145 p
650 ## - SUBJECT ADDED ENTRY--TOPICAL TERM
Topical Term Teaching. Education_Aims and objectives_United States.
942 ## - ADDED ENTRY ELEMENTS (KOHA)
Koha item type Books
Holdings
Withdrawn status Lost status Source of classification or shelving scheme Damaged status Not for loan Permanent Location Current Location Date acquired Accession Number Price effective from Koha item type
    Library of Congress Classification     NILE UNIVERSITY OF NIGERIA - MAIN LIBRARY NILE UNIVERSITY OF NIGERIA - MAIN LIBRARY 04/23/2025 0010722 04/23/2025 Books